000 00623nam a22002177a 4500
003 UA-OsUOA
001 62005
007 ta
008 20070406b un ||||| |||| 00| 0 ukr d
090 _a016:929(477)
_bМ59
942 _cBK
040 _aUA-OsUOA
_bukr
_cUA-OsUOA
_dUA-OsUOA
245 _aМикола Гоголь:Українська бібліографія
300 _a258 с.
955 _a1
041 _aukr
080 _a016:929(477)
260 _aК.
_bАкадемперіодика
_c2009
650 7 _a01 Бібліографія і бібліографії. Каталоги
_2UDC
999 _c347999
_d347999